000 00467nam a2200181Ia 4500
001 18314
005 20260306171621.0
008 260306s9999||||xx |||||||||||||| ||und||
041 _aESP
082 _a658.403
_bA72
100 _aAriño, Miguel Ángel
_eAUT
245 0 _aIceberg a la vista:
_bPrincipios para tomar decisiones sin hundirse
260 _c2009
300 _a126 páginas :
_c21 cm.
650 _aGEN
654 _aCAN
942 _cLIB
_dJUS
_fJUS
_2ddc
_n
999 _c18314
_d18314